The challenges faced by people with intellectual disabilities and their families (Record n. 336438)
[ formato base ]
| 000 -LEADER | |
|---|---|
| campo di controllo lung. fissa | nam a22 7a 4500 |
| 003 - Identificatore del numero di controllo | |
| campo di controllo | IT-MiCISF |
| 005 - Data e orario dell'ultima transazione | |
| campo di controllo | 20170209151845.0 |
| 008 - Elementi di lunghezza fissa--Informazione generale | |
| campo di controllo lung. fissa | 170209b xxu||||| |||| 00| 0 eng d |
| 040 ## - Fonte della catalogazione | |
| Agenzia catalografica originale | IT-MiCISF |
| Agenzia che fa la trascrizione | IT-MiCISF |
| 041 ## - Codice di lingua | |
| Codice di lingua del testo/traccia sonora o titolo separato | it |
| 100 ## - Accesso principale -- nome di persona | |
| Nome di persona | Hollins Sheila |
| 9 (RLIN) | 56193 |
| 210 ## - Titolo abbreviato | |
| Titolo abbreviato | Intams Review |
| 222 ## - Titolo chiave | |
| Titolo chiave | 13706020 |
| 245 ## - Formulazione del titolo | |
| Titolo | The challenges faced by people with intellectual disabilities and their families |
| 260 ## - Pubblicazione, distribuzione, ecc. (stampa) | |
| Data di pubblicazione, distribuzione, ecc. | 2015 |
| 300 ## - Descrizione fisica | |
| Estensione | pp. 86-94 |
| 310 ## - Periodicità corrente della pubblicazione | |
| Periodicità corrente della pubblicazione | semestrale |
| 362 ## - Date della pubblicazione e/o designazione sequenziale | |
| Date della pubblicazione e/o designazione sequenziale | vol. 21, n. 1 |
| 500 ## - Nota generale | |
| Nota generale | handicap, famiglia-con-handicap, società |
| 650 ## - Accesso aggiunto di soggetto--termine topico | |
| Termine topico o nome geografico come accesso | handicap |
| 9 (RLIN) | 56194 |
| 654 ## - Accesso aggiunto di soggetto--termini topici faccettati | |
| Termine principale | articolo |
| 700 ## - Accesso aggiunto--nome di persona | |
| Nome di persona | Lodge Keri-Michèle |
| 9 (RLIN) | 56195 |
| 942 ## - Dati aggiuntivi (Koha) | |
| Fonte della classificazione o dello schema di collocazione (segnatura) | Dewey Decimal Classification |
| Tipo copia default (Koha) | RIVISTA |
| Ritirato (status) | Perso (status) | Fonte della classificazione o dello schema di collocazione (segnatura) | Danneggiato (status) | Non per il presito | Biblioteca proprietaria | Biblioteca in cui si trova | Data d'acquisizione | Totale prestiti | Collocazione | Data ultima operazione | Prezzo in vigore dal | Tipo copia default (Koha) |
|---|---|---|---|---|---|---|---|---|---|---|---|---|
| Dewey Decimal Classification | Buone Condizioni | Not For Loan | CISF - Milano | CISF - Milano | 09/02/2017 | A07/R084 | 09/02/2017 | 09/02/2017 | RIVISTA |